000 00286nam a2200121Ia 4500
100 _aHoughton P.S.
942 _cBK
654 _aheat treatment.
245 _aHeat Treatment of Metals I
260 _bMAchinerys Standard Reference Series
_c2001
082 _a671.36
546 _aENGLISH
999 _c28612
_d28612